Presidents of the Government of Catalonia - Statistics

General Stats
  • This quiz has been taken 95 times
  • The average score is 16 of 146
Answer Stats
# Years President % Correct
130 2016-2017 Carles Puigdemont
95%
129 2010-2016 Artur Mas
91%
126 1980-2003 Jordi Pujol
90%
131 2018-2020 Joaquim Torra
87%
132 2021- Pere Aragonès
87%
123 1933-1938 Lluís Companys
85%
123 1938-1940 Lluís Companys
85%
57 1542-1545 Miquel Puig
85%
122 1931-1933 Francesc Macià
79%
128 2006-2010 José Montilla
78%
125 1954-1977 Josep Tarradellas
78%
125 1977-1980 Josep Tarradellas
78%
127 2003-2006 Pasqual Maragall
77%
124 1940-1954 Josep Irla
50%
1914-1917 Enric Prat de la Riba
41%
1917-1923 Josep Puig i Cadafalch
33%
94 1638-1641 Pau Claris
22%
1 1359-1362 Berenguer de Cruïlles
13%
55 1536-1539 Joan Pasqual
12%
18 1428-1431 Domènec Ram
10%
110 1683-1686 Baltasar de Muntaner
9%
121 1713-1714 Josep de Vilamala
8%
3 1364-1365 Ramon Gener
8%
R 1379-1380 Ramon Gener
8%
41 1500-1503 Alfons d'Aragó
6%
27 1458-1461 Antoni Pere Ferrer
6%
46 1512-1514 Joan d'Aragó
6%
95 1641 Josep Soler
5%
61 1552 Miquel de Ferrer
5%
65 1557-1559 Pere Àngel Ferrer
5%
90 1629-1632 Pere Antoni Serra
5%
2 1363-1364 Romeu Sescomes
5%
R 1375-1376 Romeu Sescomes
5%
12 1396-1413 Alfons de Tous
4%
98 1647-1650 Andreu Pont
4%
21 1440-1443 Antoni d'Avinyó
4%
113 1692-1695 Antoni de Planella
4%
R 1701-1704 Antoni de Planella
4%
115 1698-1701 Climent de Solanell
4%
6 1376-1377 Guillem de Guimerà
4%
58 1545-1548 Jaume Caçador
4%
22 1443-1446 Jaume de Cardona
4%
47 1514-1515 Jaume Fiella
4%
62 1552-1553 Joan de Tormo
4%
32 1473-1476 Joan Maurici de Ribes
4%
44 1506-1509 Lluís Desplà
4%
86 1617-1620 Lluís de Tena
4%
28 1461-1464 Manuel de Montsuar
4%
13 1413-1416 Marc de Vilalba
4%
R 1431-1434 Marc de Vilalba
4%
82 1608-1611 Onofre d'Alentorn
4%
67 1563-1566 Onofre Gomis
4%
19 1434-1437 Pere de Palou
4%
1923-1924 Santiago Estapé
4%
108 1677-1680 Alfonso de Sotomayor
3%
14 1416-1419 Andreu Bertran
3%
111 1686-1689 Antoni de Saiol
3%
10 1384-1389 Arnau Descolomer
3%
69 1569-1572 Benet de Tocco
3%
R 1578-1581 Benet de Tocco
3%
87 1620-1623 Benet Fontanella
3%
112 1689-1692 Benet Ignasi de Salazar
3%
80 1602-1605 Bernat de Cardona i de Queralt
3%
49 1518-1521 Bernat de Corbera
3%
25 1452-1455 Bernat Guillem Samasó
3%
4 1365-1367 Bernat Vallès
3%
16 1422-1425 Dalmau de Cartellà
3%
54 1533-1536 Dionís de Carcassona
3%
48 1515-1518 Esteve de Garret
3%
107 1674-1677 Esteve Mercadal
3%
91 1632 Esteve Salacruz
3%
8 1380 Felip d'Anglesola
3%
17 1425-1428 Felip de Malla
3%
120 1710-1713 Francesc Antoni de Solanell
3%
29 1464-1467 Francesc Colom
3%
52 1527-1530 Francesc de Solsona
3%
68 1566-1569 Francesc Giginta
3%
64 1554-1557 Francesc Jeroni Benet
3%
39 1494-1497 Francí Vicenç
3%
7 1377-1378 Galceran de Besora
3%
97 1644-1647 Gispert d'Amat
3%
73 1584 Jaume Beuló
3%
70 1572-1575 Jaume Cerveró
3%
56 1539-1542 Jeroni de Requesens
3%
38 1491-1494 Joan de Peralta
3%
15 1419-1422 Joan Desgarrigues
3%
5 1376 Joan I d'Empúries
3%
101 1656-1659 Joan Jeroni Besora
3%
50 1521-1524 Joan Margarit
3%
105 1668-1671 Joan Pagès
3%
45 1509-1512 Jordi Sanç
3%
116 1701 Josep Antoni Valls
3%
104 1665-1668 Josep de Magarola
3%
118 1706-1707 Josep Grau
3%
109 1680-1683 Josep Sastre
3%
37 1488-1491 Juan Payo
3%
51 1524-1527 Lluís de Cardona
3%
119 1707-1710 Manuel de Copons
3%
74 1587 Martí Joan de Calders
3%
85 1616-1617 Miquel d'Aimeric
3%
93 1635-1638 Miquel d'Alentorn
3%
11 1389-1396 Miquel de Santjoan
3%
31 1470-1473 Miquel Samsó
3%
26 1455-1458 Nicolau Pujades
3%
102 1659-1662 Pau d'Àger
3%
40 1497-1500 Pedro de Mendoza
3%
36 1482-1485 Pere de Cardona
3%
88 1623-1626 Pere de Magarola
3%
9 1381-1383 Pere de Santamans
3%
71 1575-1578 Pere Oliver de Boteller
3%
R 1584-1587 Pere Oliver de Boteller
3%
81 1605-1608 Pere Pau Caçador
3%
114 1695-1698 Rafael de Pinyana
3%
72 1581-1584 Rafael d'Oms
3%
84 1614-1616 Ramon d'Olmera
3%
35 1479-1482 Berenguer de Sos
1%
96 1641-1644 Bernat de Cardona i de Raset
1%
24 1449-1452 Bertran Samasó
1%
66 1559-1560 Ferran de Lloaces
1%
42 1503-1504 Ferrer Nicolau de Gualbes
1%
83 1611-1614 Francesc de Sentjust
1%
117 1704-1705 Francesc de Valls
1%
89 1626-1629 Francesc Morillo
1%
53 1530-1533 Francesc Oliver
1%
75 1587-1588 Francesc Oliver de Boteller
1%
R 1596-1598 Francesc Oliver de Boteller
1%
78 1598-1599 Francesc Oliveres
1%
100 1654-1656 Francesc Pijoan
1%
92 1632-1635 Garcia Gil de Manrique
1%
43 1504-1506 Gonzalo Fernández
1%
76 1590-1593 Jaume Caçador i Claret
1%
79 1599-1602 Jaume Cordelles
1%
103 1662-1665 Jaume de Copons
1%
106 1671-1674 Josep de Camporrells
1%
77 1593-1596 Miquel d'Agullana
1%
33 1476-1478 Miquel Delgado
1%
63 1553-1554 Miquel de Tormo
1%
59 1548-1551 Miquel d'Oms
1%
R 1560-1563 Miquel d'Oms
1%
60 1551-1552 Onofre de Copons
1%
99 1650-1654 Pau del Rosso
1%
20 1437-1440 Pere de Darnius
1%
34 1478-1479 Pere Joan Llobera
1%
23 1446-1449 Pero Ximénez de Urrea
1%
30 1467-1470 Ponç Andreu de Vilar
1%
R 1485-1488 Ponç Andreu de Vilar
1%
No matching quizzes found
Score Distribution
Percent of People with Each Score
Percentile by Number Answered
Your Score History
You have not taken this quiz